| 000 -ლიდერი |
| ფიქსირებული სიგრძის საკონტროლო ველი |
01356nam a22002297a 4500 |
| 003 - საკონტროლო ნომრის იდენტიფიკატორი |
| საკონტროლო ველი |
Ge_BSU |
| 005 - ბოლო ოპერაციის თარიღი და დრო |
| საკონტროლო ველი |
20200121162952.0 |
| 008 - ფიქსირებული სიგრძის მონაცემთა ელემენტები - ზოგადი ინფორმაცია |
| ფიქსირებული სიგრძის საკონტროლო ველი |
200121s2009 ||||| |||| 00| 0 geo d |
| 020 ## - წიგნის საერთაშორისო სტანდარტული ნომერი |
| International Standard Book Number |
9789941904912 |
| 041 ## - ენის კოდი |
| Language code of text/sound track or separate title |
geo |
| 080 ## - უნივერსალური ათობითი კლასიფიკაციის ინდექსი |
| Universal Decimal Classification number |
271.22-726.1(479.22) ვ-21 |
| 100 ## - მთავარი ჩანაწერი - პიროვნების სახელი |
| Personal name |
ვარდოსანიძე, სერგო |
| 9 (RLIN) |
6282 |
| 245 ## - ცნობა სათაურის შესახებ |
| Title |
სრულიად საქართველოს კათოლიკოს-პატრიარქი უწმიდესი და უნეტარესი ქრისტეფორე III (1927-1932 წ.წ.) / |
| Statement of responsibility, etc |
სერგო ვარდოსანიძე ; რედ. ელდარ ბუბულაშვილი. |
| 264 ## - წარმოების, გამოცემის, დისტრიბუციის და სხვა ცნობები |
| გამოცემის, წარმოების, დისტრიბუციის... ადგილი |
თბილისი : |
| გამოცემის, წარმოების, დისტრიბუციის... სახელწოდება |
ნათლისმცემელი, |
| გამოცემის, წარმოების, დისტრიბუციის... თარიღი |
2009. |
| 300 ## - ფიზიკური აღწერა |
| Extent |
180 გვ. : |
| Other physical details |
ფოტ. ; |
| Dimensions |
20 სმ. |
| 504 ## - BIBLIOGRAPHY, ETC. NOTE |
| Bibliography, etc |
ბიბლიოგრ.: გვ. 174-177. |
| 546 ## - LANGUAGE NOTE |
| Language note |
რეზ. რუს. |
| 653 ## - INDEX TERM--UNCONTROLLED |
| Uncontrolled term |
რელიგია |
| 653 ## - INDEX TERM--UNCONTROLLED |
| Uncontrolled term |
:ქრისტეფორე III (ციცქიშვილი ქ.; კათოლიკოს-პატრიარქი), 1873-1932). საქართველოს კათოლიკოს-პატრიარქები. |
| 700 ## - ADDED ENTRY--PERSONAL NAME |
| Personal name |
ბუბულაშვილი, ელდარ |
| Relator term |
რედაქტორი |
| 9 (RLIN) |
6283 |
| 942 ## - ADDED ENTRY ELEMENTS (KOHA) |
| Source of classification or shelving scheme |
|
| Koha item type |
წიგნი |